Вероятностно-статистические модели циклического развития экосистем; Известия Томского политехнического университета [Известия ТПУ]; Т. 323, № 1 : Науки о Земле
| Parent link: | Известия Томского политехнического университета [Известия ТПУ]/ Томский политехнический университет (ТПУ).— , 2000- Т. 323, № 1 : Науки о Земле.— 2013.— [С. 225-230] |
|---|---|
| Tác giả khác: | , , , |
| Tóm tắt: | Заглавие с титульного листа Электронная версия печатной публикации Статья посвящена изучению циклического развития экосистем Мира и исследованию синхронного изменения климата. В истории развития геологических систем выявляется цикличность, возобновляемость процессов осадконакопления, тектонической активности и климата. В геологических системах обнаруживаются разнопорядковые циклиты. Чередование пород в них есть смена условий образования осадка и температурного режима. Изменения температур тесно связаны с изменением солнечной активности, изучение которой позволяет выявить в режиме её изменчивости гравитационное влияние на неё планет солнечной системы. Построение трендов изменчивости солнечной активности позволяет уточнить периодичность изменчивости и найти причины вызывающие экстремальные изменения температур. Вероятностно-статистическая параметризация временных последовательностей циклически протекающих явлений в геологии и климатических изменениях позволила установить некоторые близкие закономерности в динамике событий. |
| Ngôn ngữ: | Tiếng Nga |
| Được phát hành: |
2013
|
| Loạt: | Геоэкология |
| Những chủ đề: | |
| Truy cập trực tuyến: | http://earchive.tpu.ru/bitstream/11683/4927/1/bulletin_tpu-2013-323-1-40.pdf |
| Định dạng: | Điện tử Chương của sách |
| KOHA link: | https://koha.lib.tpu.ru/cgi-bin/koha/opac-detail.pl?biblionumber=243015 |
MARC
| LEADER | 00000nla2a2200000 4500 | ||
|---|---|---|---|
| 001 | 243015 | ||
| 005 | 20231222112249.0 | ||
| 035 | |a (RuTPU)RU\TPU\book\264348 | ||
| 035 | |a RU\TPU\book\264345 | ||
| 090 | |a 243015 | ||
| 100 | |a 20130913d2013 k y0rusy50 ca | ||
| 101 | 0 | |a rus | |
| 102 | |a RU | ||
| 135 | |a drnn ---uucaa | ||
| 181 | 0 | |a i | |
| 182 | 0 | |a b | |
| 200 | 1 | |a Вероятностно-статистические модели циклического развития экосистем |f В. Н. Устинова [и др.] | |
| 203 | |a Текст |c электронный | ||
| 215 | |a 1 файл (779 Кб) | ||
| 225 | 1 | |a Геоэкология | |
| 300 | |a Заглавие с титульного листа | ||
| 300 | |a Электронная версия печатной публикации | ||
| 320 | |a [Библиогр.: с. 230 (6 назв.)] | ||
| 330 | |a Статья посвящена изучению циклического развития экосистем Мира и исследованию синхронного изменения климата. В истории развития геологических систем выявляется цикличность, возобновляемость процессов осадконакопления, тектонической активности и климата. В геологических системах обнаруживаются разнопорядковые циклиты. Чередование пород в них есть смена условий образования осадка и температурного режима. Изменения температур тесно связаны с изменением солнечной активности, изучение которой позволяет выявить в режиме её изменчивости гравитационное влияние на неё планет солнечной системы. Построение трендов изменчивости солнечной активности позволяет уточнить периодичность изменчивости и найти причины вызывающие экстремальные изменения температур. Вероятностно-статистическая параметризация временных последовательностей циклически протекающих явлений в геологии и климатических изменениях позволила установить некоторые близкие закономерности в динамике событий. | ||
| 337 | |a Adobe Reader | ||
| 461 | 1 | |0 (RuTPU)RU\TPU\book\176237 |t Известия Томского политехнического университета [Известия ТПУ] |f Томский политехнический университет (ТПУ) |d 2000- | |
| 463 | 1 | |0 (RuTPU)RU\TPU\book\264203 |x 1684-8519 |t Т. 323, № 1 : Науки о Земле |v [С. 225-230] |d 2013 |p 249 с. | |
| 610 | 1 | |a экологические системы | |
| 610 | 1 | |a экосистемы | |
| 610 | 1 | |a геохронология | |
| 610 | 1 | |a геологические циклы | |
| 610 | 1 | |a солнечная активность | |
| 610 | 1 | |a циклическое развитие | |
| 610 | 1 | |a вероятностно-статистические модели | |
| 610 | 1 | |a цикл Хейла | |
| 610 | 1 | |a цикл Вольфа | |
| 610 | 1 | |a число Вольфа | |
| 610 | 1 | |a полиномиальные функции | |
| 610 | 1 | |a труды учёных ТПУ | |
| 610 | 1 | |a электронный ресурс | |
| 701 | 1 | |a Устинова |b В. Н. |c геофизик |c профессор Томского политехнического университета, доктор геолого-минералогических наук |f 1955- |g Вера Николаевна |3 (RuTPU)RU\TPU\pers\29351 | |
| 701 | 1 | |a Устинова |b И. Г. |c математик |c доцент Томского политехнического университета, кандидат технических наук |f 1960- |g Ирина Георгиевна |3 (RuTPU)RU\TPU\pers\29352 |9 13938 | |
| 701 | 1 | |a Устинов |b В. Г. |c специалист в области информатики и вычислительной техники |c программист Томского политехнического университета |f 1979- |g Владимир Геннадьевич |3 (RuTPU)RU\TPU\pers\30515 | |
| 701 | 1 | |a Стариков |b Н. Н. |g Николай Николаевич | |
| 801 | 1 | |a RU |b 63413507 |c 20090623 |g PSBO | |
| 801 | 2 | |a RU |b 63413507 |c 20190517 |g PSBO | |
| 856 | 4 | |u http://earchive.tpu.ru/bitstream/11683/4927/1/bulletin_tpu-2013-323-1-40.pdf | |
| 942 | |c CF | ||